00469nam a2200145Ia 4500008004100000050002600041245008300067260003800150300001500188500003600203650001900239700001900258980003100277999001500308151021s9999 xx 000 0 und d aJQ 2949 .A75 G5 1987  a_A Textbook of The constitution and Government of Kenya for Secondary schools  aNairobi sterling publishers 1987  axvi,654p.  aIncludes Index and bibliograpy  a_constitution  a_Kabuya Miano  a^d20110316 02:16:17^okorir c6848d6848